000 00657nam a22002297a 4500
001 29137
003 UA-OsUOA
005 20220701212308.0
007 ta
008 20040930b un ||||| |||| 00| 0 ukr d
040 _aUA-OsUOA
_brus
_cUA-OsUOA
_dUA-OsUOA
041 _arus
044 _aRU
080 _a81'374.2-161.1
090 _a81'374.2-161.1
_bС48
245 _aСловарь современного литературного русского языка
_cред. А. М. Бабкин
260 _bИздательство Академии Наук СССР
_c1963
300 _a1287 с.
650 7 _2UDC
942 _cBK
_2udc
955 _a0
999 _c315518
_d315518